01052nam a22002771 450000100060000000300080000600500170001400800390003103500190007003500200008904000410010904100080015008200200015810000460017824500610022426000680028530000600035350000100041350000400042350200480046350400430051160000520055494200120060699900170061895201390063518047BD-RjUL20211209000229.0140219r1966 nyu 001 0 eng a(BD-RjUL)18105 a(OCoLC)36603055 aDLCcNNCdTNJdWUdDLCdBD-RjULbeng aeng a928.2bTHC 19661 aThomas, Eleanor Walter,d1880-196995561310aChristina Georgina Rossetti /cEleanor Walter Thomas ... aNew York :bColumbia university press,cc1931 [Reprinted 1966]. aviii p., 1 l., 229 p. :bill., front. (port.) ;c21 cm. aVita. aPublished also without thesis note. aThesis (PH. D.)--Columbia university, 1931. aBibliography: p. [213]-222. and index.10aRossetti, Christina Georgina,d1830-1894955615 2ddccBK c18047d18047 00102ddc40718NFICaRUCLbRUCLcReadingd1971-02-04eZitlingerg114.00l0o928.2 THC 1966r2014-02-19 00:00:00tC-1w2014-02-19yBK